Las aventuras de Tom Sawyer /

Kaydedildi:
Detaylı Bibliyografya
Yazar: Twain, Mark (autor)
Materyal Türü: Kitap
Dil:İspanyolca
Baskı/Yayın Bilgisi: México : Salvat, 1979, c1979
Etiketler: Etiketle
Etiket eklenmemiş, İlk siz ekleyin!

MARC

LEADER 00000nam^a2200000^a^4500
001 000614858
005 20250522000000.0
009 20260310133650.252
020 |a 968-32-0045-1 
025 |a Donación Robles Martínez, 1 ejemplar 
037 |a Acervo ITESO - Biblioteca 
041 |a ESP 
091 |a FRM. 00036 
100 |a Twain, Mark  |e (autor) 
245 1 4 |a Las aventuras de Tom Sawyer / 
264 4 |a México :  |b Salvat,  |c 1979, c1979 
300 |a 160 p. 
336 |a texto  |b txt  |2 rdacontenido 
337 |a sin mediación  |b n  |2 rdamedio 
338 |a volumen  |b nc  |2 rdasoporte 
649 |a XX 
910 |a Fondo Robles Martínez 
920 |a Impresos - Libros 
930 |a Fondos Especiales 
940 |a Literatura 
905 |a 123 
901 |a 614858-10  |b IT2  |c ESP  |i D  |u 20250522 
902 |a https://opac.biblio.iteso.mx/vufind/Record/000614858